| 000 | 00710nam a2200229 a 4500 | ||
|---|---|---|---|
| 008 | |||
| 020 | _a0870943421 (hbk.) | ||
| 049 | _aMAIN | ||
| 090 | _aHG4026 | ||
| 245 | 0 | 0 |
_aLeft hand financing : _ban emerging field of corporate finance / _ceditors, Thomas L. Chrystie, Frank J. Fabozzi. |
| 260 |
_aHomewood, Ill. : _bDow Jones-Irwin, _cc1983. |
||
| 300 |
_axvi, 268 p. : _bill. ; _c24 cm. |
||
| 500 | _aIncludes index. | ||
| 650 | 0 |
_aCorporations _xFinance. |
|
| 700 | 1 | _aChrystie, Thomas L. | |
| 700 | 1 | _aFabozzi, Frank J. | |
| 907 |
_a.b10059040 _b16-01-07 _c17-04-03 |
||
| 003 | |||
| 005 | 20230123133750.0 | ||
| 040 | _cNUST | ||
| 942 |
_cBOOKS _kHG4026 |
||
| 999 |
_c154245 _d154245 |
||